000
00309nam a22001217a 4500
082
_a
342.06
_b
ZAF
100
_a
Zafar, Emmanuel
245
_a
Administrative Law /
_c
Emmanuel Zafar
260
_a
Lahore :
_b
Khyber Law Publishers,
_c
N.A.
300
_a
254 p. ;
_c
24 cm.
563
_a
HB.
942
_2
ddc
_c
BK
999
_c
616048
_d
616048